| 000 | 01214nam a2200301 a 4500 | ||
|---|---|---|---|
| 001 | ebr10705875 | ||
| 003 | CaPaEBR | ||
| 006 | m o u | ||
| 007 | cr cn||||||||| | ||
| 008 | 130603s2013 enka sb 000 0 eng d | ||
| 020 | _z9781781907627 | ||
| 020 | _z9781781907634 (e-book) | ||
| 040 |
_aCaPaEBR _cCaPaEBR |
||
| 035 | _a(OCoLC)846679623 | ||
| 050 | 1 | 4 |
_aHF5626 _b.B76 2013eb |
| 100 | 1 | _aBroadbent, Jane. | |
| 245 | 1 | 0 |
_aAccounting control and controlling accounting _h[electronic resource] : _binterdisciplinary and critical perspectives / _cby Jane Broadbent, Richard Laughlin. |
| 250 | _a1st ed. | ||
| 260 |
_aBingley, United Kingdom : _bEmerald, _c2013. |
||
| 300 |
_axiv, 285 p. : _bill. (some col.) |
||
| 504 | _aIncludes bibliographical references. | ||
| 533 |
_aElectronic reproduction. _bPalo Alto, Calif. : _cebrary, _d2013. _nAvailable via World Wide Web. _nAccess may be limited to ebrary affiliated libraries. |
||
| 650 | 0 |
_aAccounting _xStandards. |
|
| 655 | 7 |
_aElectronic books. _2local |
|
| 700 | 1 | _aLaughlin, Richard. | |
| 710 | 2 | _aebrary, Inc. | |
| 856 | 4 | 0 |
_uhttp://site.ebrary.com/lib/rucke/Doc?id=10705875 _zAn electronic book accessible through the World Wide Web; click to view |
| 999 |
_c4104 _d4104 |
||